000
00264nam a22001217a 4500
008
180308b xxu||||| |||| 00| 0 eng d
041
_a
eng
080
_a
37
100
_a
25
101
_a
EDU
245
_a
FAIRNESS IS A KIDS GAME
_c
DAVID.W.R
942
_2
udc
_c
BK
999
_c
44424
_d
44424